A university for the world : Research for development
Сохранить в:
| Формат: | |
|---|---|
| Язык: | Undetermined |
| Опубликовано: |
Ebbe Schioler
University of Aarhus
2004
|
| Предметы: | |
| Метки: |
Добавить метку
Нет меток, Требуется 1-ая метка записи!
|
| Thư viện lưu trữ: | Trung tâm Học liệu Trường Đại học Cần Thơ |
|---|
| LEADER | 00462nam a2200169Ia 4500 | ||
|---|---|---|---|
| 001 | CTU_142090 | ||
| 008 | 210402s9999 xx 000 0 und d | ||
| 082 | |a 322.44 | ||
| 082 | |b U58 | ||
| 245 | 2 | |a A university for the world : | |
| 245 | 0 | |b Research for development | |
| 260 | |a Ebbe Schioler | ||
| 260 | |b University of Aarhus | ||
| 260 | |c 2004 | ||
| 650 | |a Student movements | ||
| 904 | |i Tuyến | ||
| 980 | |a Trung tâm Học liệu Trường Đại học Cần Thơ | ||